| 000 | 00441nam a2200169Ia 4500 | ||
|---|---|---|---|
| 008 | 230711s9999||||xx |||||||||||||| ||und|| | ||
| 020 | _a978-93-5051-588-4 | ||
| 041 | _aENG | ||
| 082 |
_a658 _bAS-O |
||
| 100 | _aAswathappa,K | ||
| 245 | 0 | _aOrganisational behaviour (text,cases and games) | |
| 250 | _a10th Ed. | ||
| 260 |
_c2012 _aMumbai _bHimalaya Publishing House |
||
| 300 | _a766 | ||
| 650 | _aUNIVESITY BUSNIESS SCHOOL | ||
| 942 | _cBK | ||
| 999 |
_c5154 _d5154 |
||